Sosyal demokrasi notları (Kayıt no. 7533)
[ düz görünüm ]
| 000 -BAŞLIK | |
|---|---|
| Sabit Uzunlukta Kontrol Alanı | 01017na a2200325 4500 |
| 001 - KONTROL NUMARASI | |
| Denetim Alanı | 15613 |
| 003 - KONTROL NUMARASI IDENTIFIER | |
| Denetim Alanı | MIRAKIL |
| 005 - SON İŞLEM TARİHİ VE ZAMANI | |
| Denetim Alanı | 20181213155142.0 |
| 008 - SABİT-BOY VERİ ELEMANLARI - GENEL BİLGİLER | |
| Sabit Uzunlukta Kontrol Alanı | 160918b tu 000 0 |
| 020 ## - ULUSLARARASI STANDART KİTAP NUMARASI | |
| Uluslararası Standart Kitap Numarası | 9786054511891 |
| 035 ## - SİSTEM KONTROL NUMARASI | |
| Sistem Kontrol Numarası | 15613 |
| 040 ## - KATALOGLAMA KAYNAK | |
| Orijinal Kataloglama Ajansı | Milas |
| Kataloglama Dili | tur |
| Metne Dönüştürmek Ajansı | TR-AnCHP |
| 082 ## - DEWEY ONLU SINIFLANDIRMA NUMARASI | |
| Sınıflandırma Numarası | 320.5315 |
| Ürün Numarası | S67 |
| 090 ## - SINIFLAMA NUMARASI | |
| Sınıflama Numarası | 320.5315 S67 2013 |
| 130 ## - ANA GİRİŞ - ÜNİFORM BAŞLIK | |
| Üniforma Başlık | Sosyal demokrasi notları |
| 245 ## - BAŞLIK TABLOSU | |
| Başlık | Sosyal demokrasi notları |
| Başlığın Kalan | toplumları başkaldırıya zorlayan eşitsizlikler konusunda |
| Sorumluluk Tablosu, Vb | İhsan Kamalak...[ve öte...] |
| 260 ## - YAYIN, DAĞITIM, VB | |
| Yayın, Dağıtım, Vb Yeri | İstanbul |
| Yayıncı, Dağıtıcı, Vs Adı | Kalkedon Yayıncılık |
| Yayın, Dağıtım, Vb Tarihi | 2013 |
| 300 ## - FİZİKSEL TANIM | |
| Kapsam | 312 s. |
| Diğer Fiziksel Ayrıntıları | tbl. |
| Boyutlar | 20 sm. |
| 490 ## - SERİSİ TABLOSU | |
| Seri Beyanı | Kalkedon yayıncılık |
| -- | Sodev kitaplığı |
| Hacim / Ardışık Tanımı | 250 |
| -- | 12 |
| 500 ## - GENEL NOT | |
| Genel Not | Kaynakça var. |
| 610 ## - KONU KATMA GİRİŞ - TOPLANTI ADI | |
| Giriş Elemanı Olarak Kurumsal Ad Veya Yargı Alanı Adı | CHP |
| Genel Alt Bölüm | Sosyal demokrasi |
| 650 ## - KONU KATMA GİRİŞ - TOPİKAL DÖNEM | |
| Topikal Süreli Veya Coğrafi Ad Giriş Elemanı | Sosyal demokrasi |
| 650 ## - KONU KATMA GİRİŞ - TOPİKAL DÖNEM | |
| Topikal Süreli Veya Coğrafi Ad Giriş Elemanı | Siyaset |
| Genel Alt Bölümü | Yeni Dünya Düzeni |
| 650 ## - KONU KATMA GİRİŞ - TOPİKAL DÖNEM | |
| Topikal Süreli Veya Coğrafi Ad Giriş Elemanı | Sosyal devlet |
| Genel Alt Bölümü | Türkiye |
| 650 ## - KONU KATMA GİRİŞ - TOPİKAL DÖNEM | |
| Topikal Süreli Veya Coğrafi Ad Giriş Elemanı | Sosyal demokrasi |
| Genel Alt Bölümü | CHP |
| Coğrafi Alt Bölümü | Türkiye |
| 650 ## - KONU KATMA GİRİŞ - TOPİKAL DÖNEM | |
| Topikal Süreli Veya Coğrafi Ad Giriş Elemanı | Neoliberalizm |
| 650 ## - KONU KATMA GİRİŞ - TOPİKAL DÖNEM | |
| Topikal Süreli Veya Coğrafi Ad Giriş Elemanı | Küreselleşme |
| 700 ## - KATMA GİRİŞ - KİŞİSEL İSİM | |
| Kişisel Ad | Kamalak,Ihsan |
| 942 ## - EKLENDİ GİRİŞ ELEMANLARI (KOHA) | |
| Sınıflandırma Veya Raf Düzeni Kaynak | Dewey Decimal Classification |
| Koha Öğesi Türü | Kitaplar |
| 999 ## - SİSTEM KONTROL NUMARALARI (KOHA) | |
| Koha Biblionumber | 7533 |
| Koha Biblioitemnumber | 7533 |
| Kalıcı Konum | Mevcut Konum | Edinme Tarihi | Edinim Kaynak | Toplam Check-Out'Lar | Tam Çağrı Numarası | Barkod | Tarih Son Görülme | İtibaren Geçerli Fiyatlar | Koha Öğesi Türü |
|---|---|---|---|---|---|---|---|---|---|
| CHP Kütüphanesi | CHP Kütüphanesi | 09/18/2016 | Bağış | 320.5315 S67 2013 | 002261 | 09/18/2016 | 09/18/2016 | Kitaplar |
